[Event "40th Olympiad Open"]
[Site "Istanbul TUR"]
[Date "2012.08.28"]
[Round "1.24"]
[Board "4"]
[White "Abdulla, Omar"]
[Black "Pantsulaia, Levan"]
[Result "0-1"]
[BlackTitle "GM"]
[WhiteElo "2019"]
[BlackElo "2575"]
[WhiteTeam "Yemen"]
[BlackTeam "Georgia"]
[WhiteFideId "9400508"]
[BlackFideId "13602071"]
[EventDate "2012.08.28"]

1. d4 Nf6 2. c4 e6 3. Nf3 c5 4. Nc3 cxd4 5. Nxd4 a6 6. e3 Qc7 7. Be2 b6 8. Bf3
Bb7 9. O-O Be7 10. Bd2 O-O 11. Rc1 d6 12. Bxb7 Qxb7 13. Qf3 Qxf3 14. Nxf3 Nbd7
15. Nd4 Rfc8 16. b3 Rc7 17. e4 Rac8 18. f3 d5 19. exd5 Bc5 20. Be3 exd5 21. Nf5
Bxe3+ 22. Nxe3 d4 23. Nf5 dxc3 24. Ne7+ Kf8 25. Nxc8 Rxc8 26. Rxc3 Nc5 27. Rd1
Ke7 28. Re3+ Ne6 29. Re5 a5 30. g3 Rc6 31. Kf2 h5 32. h3 g6 33. f4 h4 34. g4 Rc5
35. Rxc5 bxc5 36. Ke3 g5 37. fxg5 Nxg5 38. Rh1 Nfe4 39. Kf4 Nf2 40. Rh2 Kf6 41.
Ke3 Ngxh3 42. Kf3 Ke5 43. Rg2 Ne4 44. Ke3 Nhg5 45. a3 h3 46. Rb2 Nf6 47. Kf2
Nxg4+ 48. Kg3 h2 49. Rb1 Ne4+ 50. Kg2 Nef2 0-1

[Event "40th Olympiad Open"]
[Site "Istanbul TUR"]
[Date "2012.08.28"]
[Round "1.25"]
[Board "2"]
[White "Nguyen, Ngoc Truong Son"]
[Black "Fonseca Cabrera, Ernesto"]
[Result "1-0"]
[WhiteTitle "GM"]
[WhiteElo "2639"]
[BlackElo "2211"]
[WhiteTeam "Vietnam"]
[BlackTeam "Nicaragua"]
[WhiteFideId "12401110"]
[BlackFideId "6101046"]
[EventDate "2012.08.28"]

1. d4 Nf6 2. c4 e6 3. Nc3 d5 4. Bg5 Be7 5. e3 O-O 6. Nf3 c6 7. Qc2 Nbd7 8. a3
dxc4 9. Bxc4 Nd5 10. Bxe7 Qxe7 11. e4 Nxc3 12. Qxc3 c5 13. O-O cxd4 14. Nxd4 Nb6
15. Bb3 Bd7 16. Rac1 Rfc8 17. Qa5 Rxc1 18. Rxc1 Qf6 19. Rd1 Bc6 20. Nxc6 bxc6
21. a4 g6 22. Qd2 a5 23. g3 Qf3 24. Qc2 Rc8 25. Rd3 Qf6 26. Qc5 Rb8 27. Qxa5
Qxb2 28. Qa7 Qe5 29. Rf3 f6 30. Rxf6 1-0

[Event "40th Olympiad Open"]
[Site "Istanbul TUR"]
[Date "2012.08.28"]
[Round "1.25"]
[Board "4"]
[White "Nguyen, Duc Hoa"]
[Black "Ortiz, Marcos"]
[Result "1/2-1/2"]
[WhiteTitle "IM"]
[WhiteElo "2505"]
[BlackElo "2171"]
[WhiteTeam "Vietnam"]
[BlackTeam "Nicaragua"]
[WhiteFideId "12401358"]
[BlackFideId "6100678"]
[EventDate "2012.08.28"]

1. c4 e5 2. g3 Nc6 3. Bg2 g6 4. e3 Bg7 5. Ne2 Nge7 6. Nbc3 O-O 7. O-O d6 8. Rb1
a5 9. a3 Be6 10. Nd5 Qd7 11. b4 axb4 12. axb4 Bf5 13. e4 Bg4 14. f3 Be6 15. d3
Nd4 16. Nxd4 exd4 17. f4 Nxd5 18. cxd5 Bh3 19. f5 Bxg2 20. Kxg2 Ra2+ 21. Rb2
Rfa8 22. Rff2 Rxb2 23. Bxb2 Be5 24. Qc1 Qb5 25. fxg6 fxg6 26. Qxc7 Qxd3 27. Qxb7
Rf8 28. Rxf8+ Kxf8 29. Qc8+ Kg7 30. Qd7+ Kf8 31. Qd8+ Kf7 32. Qd7+ Kf8 33. Qd8+
Kf7 34. Qd7+ 1/2-1/2

[Event "40th Olympiad Open"]
[Site "Istanbul TUR"]
[Date "2012.08.28"]
[Round "1.26"]
[Board "3"]
[White "Borisek, Jure"]
[Black "Rowe, Duane"]
[Result "1-0"]
[WhiteTitle "GM"]
[BlackTitle "CM"]
[WhiteElo "2554"]
[BlackElo "2251"]
[WhiteTeam "Slovenia"]
[BlackTeam "Jamaica"]
[WhiteFideId "14603152"]
[BlackFideId "7400268"]
[EventDate "2012.08.28"]

1. d4 f5 2. c4 Nf6 3. Nc3 e6 4. Nf3 Be7 5. g3 O-O 6. Bg2 d6 7. O-O Ne4 8. Qc2
Nxc3 9. bxc3 Nc6 10. d5 Na5 11. dxe6 Bxe6 12. Nd4 Bxc4 13. Nxf5 Bf6 14. Rd1 Qe8
15. Ne3 Bb5 16. a4 Bd7 17. Nd5 Bd8 18. c4 Bf5 19. e4 Bg4 20. Rd3 Nc6 21. h3 Be6
22. Rb1 Ne5 23. Rc3 c6 24. Nf4 Bc8 25. Be3 g5 26. Ne2 g4 27. h4 Qf7 28. c5 d5
29. Rd1 Nf3+ 30. Bxf3 gxf3 31. Nf4 Bf6 32. exd5 Bxc3 33. Qxc3 Qg7 34. Qb3 Qf7
35. Ne6 Qf5 36. Nxf8 Qh3 37. dxc6+ Kxf8 38. Bh6+ 1-0

[Event "40th Olympiad Open"]
[Site "Istanbul TUR"]
[Date "2012.08.28"]
[Round "1.26"]
[Board "4"]
[White "Davy, Damion"]
[Black "Skoberne, Jure"]
[Result "0-1"]
[BlackTitle "GM"]
[WhiteElo "2101"]
[BlackElo "2552"]
[WhiteTeam "Jamaica"]
[BlackTeam "Slovenia"]
[WhiteFideId "7400519"]
[BlackFideId "14604299"]
[EventDate "2012.08.28"]

1. e4 c5 2. Nf3 Nc6 3. d4 cxd4 4. Nxd4 e5 5. Nb5 d6 6. c4 Be7 7. N1c3 a6 8. Na3
f5 9. exf5 Bxf5 10. Bd3 Be6 11. Nc2 Nf6 12. O-O O-O 13. Bg5 Qd7 14. Ne3 Rae8 15.
Qb1 Bd8 16. Bxf6 gxf6 17. Nf5 Ne7 18. Nxe7+ Rxe7 19. f4 f5 20. Qc2 Bb6+ 21. Kh1
Rg7 22. Rad1 Be3 23. fxe5 dxe5 24. Be4 Qc8 25. Bd5 Kh8 26. Qe2 Bxd5 27. Nxd5 Bd4
28. b3 Qd8 29. Qh5 Rgf7 30. Qh6 Rg7 31. Qh5 Rgf7 32. Qh6 Rg8 33. Qe6 Qg5 34. g3
Rgf8 35. Rf3 Qh5 36. Kg2 Qg6 37. Qxg6 hxg6 38. Nf4 Rf6 39. Ne2 e4 40. Rff1 Be3
41. Nc3 R6f7 42. Rd6 Kg7 43. h4 Bc5 44. Re6 Rd7 45. Nd5 Rd6 46. Re7+ Rf7 47.
Rxf7+ Kxf7 48. g4 Ke6 49. h5 gxh5 50. gxf5+ Ke5 51. b4 Bd4 52. f6 Rd8 53. f7 Rf8
54. Ne7 Ke6 55. Ng6 Rxf7 56. Nf4+ Kd6 57. Nxh5 Rxf1 58. Kxf1 Bc3 59. b5 Kc5 60.
bxa6 bxa6 61. Ke2 Kxc4 62. Ke3 Kd5 63. Nf4+ Ke5 64. Ng6+ Kf6 65. Nf4 Kf5 66. Ne2
Be5 67. a3 Bd6 68. a4 Bc5+ 69. Kd2 Kg4 70. Nc1 Kf3 71. Ne2 Bb4+ 72. Kd1 Ke3 73.
Ng1 a5 74. Ne2 Kd3 75. Nf4+ Kc3 76. Ke2 Bc5 77. Ne6 Bb6 78. Ng5 e3 79. Ne4+ Kb4
80. Kd3 Kxa4 81. Kc4 Ka3 82. Kc3 a4 83. Nd6 Bd4+ 84. Kc2 Kb4 85. Nf5 Bc5 86. Ng3
a3 87. Ne2 Kc4 88. Nc1 Bd4 89. Ne2 a2 90. Nc1 0-1

[Event "40th Olympiad Open"]
[Site "Istanbul TUR"]
[Date "2012.08.28"]
[Round "1.27"]
[Board "1"]
[White "Oatlhotse, Providence"]
[Black "Peralta, Fernando"]
[Result "1-0"]
[WhiteTitle "CM"]
[BlackTitle "GM"]
[WhiteElo "2267"]
[BlackElo "2606"]
[WhiteTeam "Botswana"]
[BlackTeam "Argentina"]
[WhiteFideId "11300507"]
[BlackFideId "105309"]
[EventDate "2012.08.28"]

1. d4 d5 2. Nf3 Nf6 3. c4 e6 4. Bg5 Bb4+ 5. Nc3 Nbd7 6. e3 c5 7. Bd3 cxd4 8.
exd4 dxc4 9. Bxc4 Bxc3+ 10. bxc3 Qc7 11. Qd3 O-O 12. O-O b6 13. Rfe1 Bb7 14. Bb3
Rac8 15. Rac1 Rfe8 16. Ne5 Qd6 17. Bc2 Nxe5 18. Rxe5 Qa3 19. Qh3 g6 20. Bb3 Ne4
21. Bh6 Nd6 22. Rce1 Nf5 23. Bc1 Qf8 24. Ba4 Red8 25. Bb3 Bd5 26. Bxd5 Rxd5 27.
Rxd5 exd5 28. Qf3 Re8 29. Re2 h5 30. g3 Rxe2 31. Qxe2 Qc8 32. Ba3 f6 33. Qe1 Kf7
34. h3 Qd7 35. Qe2 Qe6 36. Qa6 Qe1+ 37. Kg2 Qe4+ 38. Kh2 g5 39. Qc8 g4 40. Qf8+
Kg6 41. Qg8+ 1-0

[Event "40th Olympiad Open"]
[Site "Istanbul TUR"]
[Date "2012.08.28"]
[Round "1.27"]
[Board "2"]
[White "Flores, Diego"]
[Black "Boikanyo, Cinky"]
[Result "1-0"]
[WhiteTitle "GM"]
[WhiteElo "2589"]
[BlackElo "2037"]
[WhiteTeam "Argentina"]
[BlackTeam "Botswana"]
[WhiteFideId "108049"]
[BlackFideId "11300531"]
[EventDate "2012.08.28"]

1. c4 Nf6 2. Nf3 g6 3. Nc3 Bg7 4. g3 d6 5. Bg2 O-O 6. O-O c6 7. d3 Qa5 8. h3 Qa6
9. Rb1 Qa5 10. b4 Qd8 11. a4 Nbd7 12. Bd2 e5 13. b5 c5 14. Ne1 Rb8 15. a5 Re8
16. Ne4 Qe7 17. Nc2 h6 18. Ne3 Bf8 19. Nc3 Qd8 20. Qa4 Bg7 21. Ne4 Bf8 22. Rfd1
Qe7 23. Bc3 Bg7 24. Kh2 Kh7 25. Qa1 Nh5 26. Nd5 Qf8 27. b6 a6 28. Nc7 Rd8 29. e3
Qe7 30. d4 f5 31. Nxd6 Qxd6 32. dxe5 Qe7 33. f4 Nf8 34. Rd5 Be6 35. Rbd1 Bxd5
36. cxd5 Qd7 37. d6 Ne6 38. Qa2 Re8 39. Bd5 Nd8 40. Bb3 Qc6 41. Bd5 Qd7 42. Qc4
Rc8 43. Nxe8 1-0

[Event "40th Olympiad Open"]
[Site "Istanbul TUR"]
[Date "2012.08.28"]
[Round "1.27"]
[Board "3"]
[White "Khetho, Phemelo"]
[Black "Mareco, Sandro"]
[Result "0-1"]
[WhiteTitle "FM"]
[BlackTitle "GM"]
[WhiteElo "2133"]
[BlackElo "2589"]
[WhiteTeam "Botswana"]
[BlackTeam "Argentina"]
[WhiteFideId "11300280"]
[BlackFideId "112275"]
[EventDate "2012.08.28"]

1. Nf3 Nf6 2. g3 d5 3. Bg2 c6 4. c4 dxc4 5. Qc2 Bg4 6. Na3 e6 7. Nxc4 Be7 8.
Nce5 Bh5 9. O-O O-O 10. d4 Nbd7 11. Rd1 Rc8 12. b3 Qb6 13. Bg5 Rfe8 14. e4 Bf8
15. h3 c5 16. Nxd7 Nxd7 17. d5 h6 18. Be3 exd5 19. exd5 Bd6 20. Rd2 Bxg3 21. Qf5
Nf6 22. fxg3 Bg6 23. Qf4 Re4 24. Ne5 Rxf4 25. gxf4 Ne4 26. Bxe4 Bxe4 27. d6 f6
28. Nd7 Qa5 29. Nxc5 Bf5 30. d7 Rd8 31. Rc1 Qa3 32. Rcd1 b6 33. Nb7 Rxd7 34.
Rxd7 Bxd7 35. Rxd7 Qxa2 36. Nd6 Qxb3 37. Kf2 Qe6 38. Rd8+ Kh7 39. f5 Qe7 0-1

[Event "40th Olympiad Open"]
[Site "Istanbul TUR"]
[Date "2012.08.28"]
[Round "1.27"]
[Board "4"]
[White "Lorenzini, Martin"]
[Black "Njobvu, Ignatius"]
[Result "1-0"]
[BlackTitle "CM"]
[WhiteElo "2482"]
[BlackElo "2226"]
[WhiteTeam "Argentina"]
[BlackTeam "Botswana"]
[WhiteFideId "105570"]
[BlackFideId "11300132"]
[EventDate "2012.08.28"]

1. e4 e6 2. d4 d5 3. Nd2 Nf6 4. e5 Nfd7 5. c3 c5 6. Bd3 Nc6 7. Ngf3 Qb6 8. O-O
cxd4 9. cxd4 Nxd4 10. Nxd4 Qxd4 11. Nf3 Qb6 12. Qa4 Qb4 13. Qc2 Qc5 14. Qe2 Qb6
15. Rb1 Nc5 16. Be3 Qd8 17. Bc2 b6 18. Rfc1 Be7 19. Nd4 Bd7 20. b4 Nb7 21. Qa6
Qb8 22. Ba4 Bxa4 23. Qxa4+ Kf8 24. Qd7 1-0

[Event "40th Olympiad Open"]
[Site "Istanbul TUR"]
[Date "2012.08.28"]
[Round "1.28"]
[Board "1"]
[White "Miezis, Normunds"]
[Black "Ssegwanyi, Arthur"]
[Result "1-0"]
[WhiteTitle "GM"]
[WhiteElo "2580"]
[BlackElo "2178"]
[WhiteTeam "Latvia"]
[BlackTeam "Uganda"]
[WhiteFideId "11600136"]
[BlackFideId "10000100"]
[EventDate "2012.08.28"]

1. c4 Nf6 2. Nc3 e6 3. e4 Nc6 4. Nf3 d5 5. exd5 exd5 6. d4 Be7 7. Be2 O-O 8. O-O
Bg4 9. cxd5 Nxd5 10. h3 Be6 11. Re1 Re8 12. Bb5 a6 13. Bxc6 Nxc3 14. bxc3 bxc6
15. Ne5 Bd6 16. Nxc6 Qh4 17. Ne5 Rad8 18. Qf3 Bc4 19. Bf4 Bxe5 20. Bxe5 Bd5 21.
Qf5 c6 22. Re3 Be6 23. Qd3 f6 24. Bc7 Ra8 25. Rae1 Bf7 26. Rxe8+ Bxe8 27. Qc4+ 1-0

[Event "40th Olympiad Open"]
[Site "Istanbul TUR"]
[Date "2012.08.28"]
[Round "1.28"]
[Board "2"]
[White "Kawuma, Patrick"]
[Black "Neiksans, Arturs"]
[Result "0-1"]
[WhiteTitle "CM"]
[BlackTitle "GM"]
[WhiteElo "2209"]
[BlackElo "2537"]
[WhiteTeam "Uganda"]
[BlackTeam "Latvia"]
[WhiteFideId "10000127"]
[BlackFideId "11601388"]
[EventDate "2012.08.28"]

1. Nf3 f5 2. d4 Nf6 3. c4 e6 4. g3 d5 5. Bg2 c6 6. Qc2 Bd6 7. b3 O-O 8. O-O b6
9. Ba3 Bb7 10. Bxd6 Qxd6 11. Nbd2 Nbd7 12. Qb2 c5 13. Rfd1 Rac8 14. Rac1 Qe7 15.
e3 Ne4 16. Ne5 Nxe5 17. dxe5 Rcd8 18. a3 Nxd2 19. Rxd2 dxc4 20. Bxb7 Rxd2 21.
Qxd2 Rd8 22. Qe2 Qxb7 23. Qxc4 Rd5 24. e4 fxe4 25. Re1 e3 26. f4 Qd7 27. Rxe3
Rd4 28. Qa6 h5 29. Kg2 Rd2+ 30. Kh3 Qf7 31. Re2 Rd4 32. Rf2 Qf5+ 33. Kg2 h4 34.
Qe2 h3+ 35. Kg1 Qb1+ 36. Rf1 Qxb3 0-1

[Event "40th Olympiad Open"]
[Site "Istanbul TUR"]
[Date "2012.08.28"]
[Round "1.28"]
[Board "4"]
[White "Emojong, Elijah"]
[Black "Starostits, Ilmars"]
[Result "1-0"]
[WhiteTitle "FM"]
[BlackTitle "GM"]
[WhiteElo "2147"]
[BlackElo "2494"]
[WhiteTeam "Uganda"]
[BlackTeam "Latvia"]
[WhiteFideId "10000402"]
[BlackFideId "11600748"]
[EventDate "2012.08.28"]

1. d4 d5 2. c4 dxc4 3. Nf3 c6 4. a4 Nf6 5. Nc3 Bf5 6. e3 e6 7. Bxc4 Bb4 8. O-O
Nbd7 9. Nh4 Bg4 10. f3 Bh5 11. g3 a5 12. e4 Qb6 13. Be3 Ne5 14. Be2 Rd8 15. g4
Bg6 16. g5 c5 17. gxf6 cxd4 18. Bf2 gxf6 19. Bb5+ Ke7 20. Ne2 Rhg8 21. Kh1 Nxf3
22. Nxf3 Bxe4 23. Ng3 Bd5 24. Qe2 Rg4 25. Rad1 Rf4 26. Bxd4 Rxf3 27. Rxf3 Bxf3+
28. Qxf3 Rxd4 29. Nf5+ exf5 30. Qe3+ Qe6 31. Qxd4 Qe4+ 32. Qxe4+ fxe4 33. Rd7+
Ke6 34. Rxb7 f5 35. Bd7+ 1-0

[Event "40th Olympiad Open"]
[Site "Istanbul TUR"]
[Date "2012.08.28"]
[Round "1.29"]
[Board "1"]
[White "Kulpruethanon, Thanadon"]
[Black "Solak, Dragan"]
[Result "0-1"]
[BlackTitle "GM"]
[WhiteElo "2068"]
[BlackElo "2599"]
[WhiteTeam "Thailand"]
[BlackTeam "Turkey"]
[WhiteFideId "6201610"]
[BlackFideId "916811"]
[EventDate "2012.08.28"]

1. e4 c5 2. Nf3 e6 3. d4 cxd4 4. Nxd4 a6 5. Bd3 Bc5 6. Nb3 Be7 7. O-O d6 8. Nc3
Nd7 9. f4 Qc7 10. Qe2 Ngf6 11. Bd2 b6 12. Rae1 Bb7 13. e5 Nd5 14. f5 Nxe5 15.
fxe6 fxe6 16. Qh5+ g6 17. Qh3 Qd7 18. Rxe5 dxe5 19. Bxg6+ Kd8 20. Bf7 Nc7 21.
Rd1 Kc8 22. Be3 Qc6 23. Nd5 Nxd5 24. Bxe6+ Kc7 25. Bxd5 Rad8 26. Bxc6 Rxd1+ 27.
Kf2 Bxc6 28. Qe6 Bh4+ 29. g3 Rf8+ 30. Bf4 Rxf4+ 31. Ke2 Rd6 32. Qh3 Re4+ 33. Kf2
Rf6+ 0-1

[Event "40th Olympiad Open"]
[Site "Istanbul TUR"]
[Date "2012.08.28"]
[Round "1.29"]
[Board "2"]
[White "Esen, Baris"]
[Black "Kananub, Warot"]
[Result "1-0"]
[WhiteTitle "GM"]
[WhiteElo "2587"]
[BlackElo "2139"]
[WhiteTeam "Turkey"]
[BlackTeam "Thailand"]
[WhiteFideId "6302114"]
[BlackFideId "6201601"]
[EventDate "2012.08.28"]

1. d4 Nf6 2. Nf3 e6 3. c4 d5 4. Nc3 Nbd7 5. cxd5 exd5 6. Bg5 c6 7. Qc2 Be7 8. e3
O-O 9. Bd3 Re8 10. O-O Nf8 11. Rab1 Ne4 12. Bf4 Nxc3 13. bxc3 g6 14. c4 Ne6 15.
Bg3 Bd6 16. Bxd6 Qxd6 17. Rfc1 dxc4 18. Bxc4 Nd8 19. Nd2 b6 20. a4 Bf5 21. e4
Be6 22. Qc3 Bxc4 23. Nxc4 Qf4 24. g3 Qf6 25. e5 Qe6 26. Nd6 Re7 27. Ne4 c5 28.
f4 cxd4 29. Qxd4 Nb7 30. Qc4 Nc5 31. Qxe6 Nxe6 32. Kf2 Rd8 33. Ke3 Kg7 34. Nf6
g5 35. Rd1 Rxd1 36. Rxd1 Kg6 37. Rf1 gxf4+ 38. gxf4 Kf5 39. Nh5 Rc7 40. Ng3+ Kg4
41. Ne4 Rc2 42. f5 Nc5 43. e6 fxe6 44. Nxc5 Rxc5 45. f6 Rc8 46. Ke4 Kg5 47. f7 1-0

[Event "40th Olympiad Open"]
[Site "Istanbul TUR"]
[Date "2012.08.28"]
[Round "1.30"]
[Board "2"]
[White "Arosemena, Jorge Luis"]
[Black "Zhigalko, Andrey"]
[Result "0-1"]
[WhiteTitle "FM"]
[BlackTitle "GM"]
[WhiteElo "2092"]
[BlackElo "2582"]
[WhiteTeam "Panama"]
[BlackTeam "Belarus"]
[WhiteFideId "6600140"]
[BlackFideId "13502247"]
[EventDate "2012.08.28"]

1. e4 c5 2. Nf3 Nc6 3. d4 cxd4 4. Nxd4 e6 5. c4 Nf6 6. Nc3 Bb4 7. Nxc6 bxc6 8.
Bd3 e5 9. O-O Bc5 10. Qe2 d6 11. Be3 Nd7 12. Na4 Bxe3 13. Qxe3 Nb6 14. Nc3 Be6
15. b3 O-O 16. Rfd1 Qe7 17. Rd2 Rad8 18. Rad1 Rd7 19. Bf1 Rfd8 20. h3 h6 21. g3
Qg5 22. Qxg5 hxg5 23. f3 Kf8 24. Kf2 Ke7 25. Re1 a5 26. Nd1 Rb7 27. c5 dxc5 28.
Rxd8 Kxd8 29. Ne3 a4 30. Rc1 axb3 31. axb3 Nd7 32. Bc4 Bxc4 33. bxc4 Nf8 34. Ra1
Ne6 35. Ra8+ Kd7 36. Ra2 Nd4 37. Rd2 Rb3 38. Ra2 g6 39. Ra7+ Ke6 40. Ra2 f5 41.
Ra8 f4 42. gxf4 exf4 43. Ng4 Rxf3+ 44. Ke1 Rxh3 45. Rg8 Kf7 46. Rc8 Rg3 47. Ne5+
Ke7 48. Nxc6+ Kd7 49. Na7 Rg2 0-1

[Event "40th Olympiad Open"]
[Site "Istanbul TUR"]
[Date "2012.08.28"]
[Round "1.30"]
[Board "3"]
[White "Teterev, Vitaly"]
[Black "Valdes, Rances"]
[Result "1-0"]
[WhiteTitle "GM"]
[BlackTitle "CM"]
[WhiteElo "2528"]
[BlackElo "2139"]
[WhiteTeam "Belarus"]
[BlackTeam "Panama"]
[WhiteFideId "13501429"]
[BlackFideId "6600239"]
[EventDate "2012.08.28"]

1. Nf3 c5 2. e4 e6 3. d3 d5 4. Nbd2 Nc6 5. g3 Nf6 6. Bg2 b6 7. O-O Bb7 8. Re1
Qc7 9. c3 O-O-O 10. e5 Nd7 11. d4 Be7 12. Nf1 Rhg8 13. h4 h6 14. N1h2 Kb8 15.
Be3 f6 16. exf6 gxf6 17. Bxh6 e5 18. dxe5 fxe5 19. Qxd5 Rg6 20. Bg5 Bxg5 21.
Nxg5 Na5 22. Qd3 Rd6 23. Qe2 Bxg2 24. Kxg2 Rf6 25. Ng4 Qb7+ 26. Qe4 1-0

[Event "40th Olympiad Open"]
[Site "Istanbul TUR"]
[Date "2012.08.28"]
[Round "1.30"]
[Board "4"]
[White "Aizpurua, Patrick"]
[Black "Stupak, Kirill"]
[Result "0-1"]
[WhiteTitle "CM"]
[BlackTitle "GM"]
[WhiteElo "2113"]
[BlackElo "2523"]
[WhiteTeam "Panama"]
[BlackTeam "Belarus"]
[WhiteFideId "6600522"]
[BlackFideId "13503758"]
[EventDate "2012.08.28"]

1. e4 e6 2. d4 d5 3. exd5 exd5 4. Bd3 c5 5. Nf3 c4 6. Be2 Bd6 7. O-O Nf6 8. b3
cxb3 9. Bb5+ Nc6 10. Re1+ Ne4 11. c4 Bb4 12. Nbd2 O-O 13. axb3 Bg4 14. Re3 Nxd4
15. Nxe4 dxe4 16. Qxd4 exf3 17. Bb2 Qxd4 18. Bxd4 Rfd8 19. gxf3 Bh3 20. f4 Rxd4
21. Rxh3 a6 22. Ra4 Bc5 23. b4 Bf8 24. c5 Rad8 25. Be2 Bxc5 26. bxc5 Rxa4 27.
Rb3 Ra5 28. Rxb7 Rxc5 29. Bxa6 g6 30. Rb4 Rcd5 31. Kg2 Rd4 32. Rxd4 Rxd4 33. Kg3
Kg7 34. Be2 Kf6 35. Bf1 h5 36. h4 Ra4 37. Bh3 Ra3+ 38. f3 Ra1 39. Bc8 Rg1+ 40.
Kf2 Rc1 41. Bh3 Rh1 42. Kg3 Rxh3+ 43. Kxh3 Kf5 44. Kg3 f6 0-1

[Event "40th Olympiad Open"]
[Site "Istanbul TUR"]
[Date "2012.08.28"]
[Round "1.31"]
[Board "1"]
[White "Burgos Figueroa, Carlos E."]
[Black "Filippov, Anton UZB"]
[Result "0-1"]
[WhiteTitle "IM"]
[BlackTitle "GM"]
[WhiteElo "2272"]
[BlackElo "2617"]
[WhiteTeam "El Salvador"]
[BlackTeam "Uzbekistan"]
[WhiteFideId "6700187"]
[BlackFideId "14200988"]
[EventDate "2012.08.28"]

1. e4 e6 2. d4 d5 3. exd5 exd5 4. Nc3 c6 5. Bd3 Bd6 6. Nge2 Nf6 7. Bg5 O-O 8.
Qd2 Nbd7 9. O-O h6 10. Bf4 Nb6 11. Rae1 Nc4 12. Bxc4 dxc4 13. Bxd6 Qxd6 14. Qf4
Qxf4 15. Nxf4 Bf5 16. Rc1 Rfe8 17. Rfd1 b5 18. Nce2 g5 19. Ng3 Bg4 20. Nh3 Bxd1
21. Rxd1 Nd5 22. f3 c3 23. b3 b4 24. Nf2 Rad8 25. Nfe4 Kg7 26. h4 Ne3 27. Rc1 f5
28. Nc5 Rxd4 0-1

[Event "40th Olympiad Open"]
[Site "Istanbul TUR"]
[Date "2012.08.28"]
[Round "1.31"]
[Board "2"]
[White "Dzhumaev, Marat"]
[Black "Chavez, Ricardo Ernesto"]
[Result "1-0"]
[WhiteTitle "GM"]
[BlackTitle "FM"]
[WhiteElo "2499"]
[BlackElo "2205"]
[WhiteTeam "Uzbekistan"]
[BlackTeam "El Salvador"]
[WhiteFideId "14200236"]
[BlackFideId "6700098"]
[EventDate "2012.08.28"]

1. e4 d6 2. d4 Nf6 3. Nc3 g6 4. Nf3 Bg7 5. Be2 O-O 6. O-O c6 7. h3 b5 8. e5 Nfd7
9. exd6 exd6 10. d5 b4 11. Ne4 Nc5 12. Bg5 f6 13. Nxc5 dxc5 14. Be3 Qxd5 15.
Qxd5+ cxd5 16. Bxc5 Rd8 17. Bxb4 Nc6 18. Bc5 Rb8 19. Nd4 Nxd4 20. Bxd4 f5 21.
Bxg7 Kxg7 22. b3 Kf6 23. Rad1 Be6 24. Rd4 Rdc8 25. Bd3 Rc5 26. Re1 Rb6 27. f4
Rb7 28. Kf2 Rb6 29. Ke3 Rb7 30. Kd2 Ra5 31. a4 Rc5 32. b4 Rcc7 33. a5 h6 34. b5
Rc5 35. Rb4 Bd7 36. Ke3 Ke6 37. Kd4+ Kd6 38. Re7 a6 39. Rg7 Rcc7 40. b6 1-0

[Event "40th Olympiad Open"]
[Site "Istanbul TUR"]
[Date "2012.08.28"]
[Round "1.31"]
[Board "3"]
[White "Arias, Daniel"]
[Black "Kvon, Andrey"]
[Result "0-1"]
[BlackTitle "IM"]
[WhiteElo "2081"]
[BlackElo "2492"]
[WhiteTeam "El Salvador"]
[BlackTeam "Uzbekistan"]
[WhiteFideId "6700640"]
[BlackFideId "14201356"]
[EventDate "2012.08.28"]

1. e4 c5 2. Nf3 Nc6 3. Bc4 e6 4. Qe2 Nge7 5. d3 Ng6 6. c3 Be7 7. Bb3 b6 8. d4
cxd4 9. cxd4 O-O 10. O-O Nb4 11. Nc3 d5 12. e5 Ba6 13. Nb5 Qd7 14. a4 Rfc8 15.
Be3 Nc6 16. Bc2 Na5 17. b3 Rc3 18. Rfb1 Rac8 19. Ra2 Nc6 20. Qd2 Bxb5 21. Bxg6
Nb4 22. Rab2 hxg6 23. axb5 Qxb5 24. Bg5 Bxg5 25. Nxg5 Qd3 26. Qf4 Qf5 27. Qd2
Nd3 0-1

[Event "40th Olympiad Open"]
[Site "Istanbul TUR"]
[Date "2012.08.28"]
[Round "1.31"]
[Board "4"]
[White "Khamrakulov, Djurabek"]
[Black "Chavez, Hector Eduardo"]
[Result "1-0"]
[WhiteTitle "IM"]
[WhiteElo "2454"]
[BlackElo "2153"]
[WhiteTeam "Uzbekistan"]
[BlackTeam "El Salvador"]
[WhiteFideId "14201143"]
[BlackFideId "6700160"]
[EventDate "2012.08.28"]

1. d4 d5 2. Nf3 Nf6 3. c4 c6 4. Nc3 dxc4 5. a4 Bf5 6. e3 e6 7. Bxc4 Bb4 8. O-O
O-O 9. Nh4 Bg6 10. Qb3 Qe7 11. f3 c5 12. Na2 Nc6 13. Nxb4 Nxb4 14. Nxg6 hxg6 15.
Bd2 a5 16. Bc3 Nfd5 17. e4 Nb6 18. Bb5 Rfd8 19. Rad1 Rac8 20. Kh1 c4 21. Qa3 Qd6
22. Rd2 g5 23. g3 f6 24. Re2 Kf7 25. Kg2 Qe7 26. f4 g4 27. f5 e5 28. dxe5 fxe5
29. f6 gxf6 30. Ref2 Rd3 31. Bxb4 axb4 32. Bxc4+ Rxc4 33. Rxf6+ Qxf6 34. Qxd3
Rd4 35. Rxf6+ Kxf6 36. Qf1+ Ke7 37. Qb5 Nc4 38. Kf2 Kf6 39. Qxb4 Nd6 40. Qb6 Kg7
41. Qc7+ Kg6 42. Qe7 Nxe4+ 43. Ke3 Kf5 44. Qh7+ Ke6 45. Qxe4 1-0

[Event "40th Olympiad Open"]
[Site "Istanbul TUR"]
[Date "2012.08.28"]
[Round "1.32"]
[Board "2"]
[White "Lapidus, Mark"]
[Black "Berg, Emanuel"]
[Result "0-1"]
[BlackTitle "GM"]
[WhiteElo "2129"]
[BlackElo "2576"]
[WhiteTeam "Estonia"]
[BlackTeam "Sweden"]
[WhiteFideId "4502299"]
[BlackFideId "1704060"]
[EventDate "2012.08.28"]

1. d4 e6 2. c4 Nf6 3. Nf3 c5 4. Nc3 cxd4 5. Nxd4 a6 6. a3 Qc7 7. e4 b6 8. Bd3
Bc5 9. Nc2 Bb7 10. O-O h5 11. b4 Ng4 12. g3 Be7 13. Bf4 d6 14. Be2 Nd7 15. Rc1
g5 16. Bd2 Nge5 17. Nd4 g4 18. Re1 Rc8 19. Bf1 Qd8 20. Qb3 Bg5 21. Nb1 h4 22.
Bf4 hxg3 23. fxg3 Qf6 24. Qe3 Bxf4 25. gxf4 Ng6 26. f5 Nh4 27. Be2 e5 28. Nb3
Nxf5 29. Qf2 g3 30. hxg3 Bxe4 31. Bf3 Bxf3 32. Qxf3 Rh3 0-1

[Event "40th Olympiad Open"]
[Site "Istanbul TUR"]
[Date "2012.08.28"]
[Round "1.32"]
[Board "4"]
[White "Ezov, Roman"]
[Black "Smith, Axel"]
[Result "0-1"]
[BlackTitle "IM"]
[WhiteElo "2185"]
[BlackElo "2503"]
[WhiteTeam "Estonia"]
[BlackTeam "Sweden"]
[WhiteFideId "4502078"]
[BlackFideId "1707930"]
[EventDate "2012.08.28"]

1. e4 c5 2. Nf3 e6 3. d4 cxd4 4. Nxd4 a6 5. Bd3 g6 6. O-O Bg7 7. Nb3 Ne7 8. c4
O-O 9. Nc3 Nbc6 10. f4 d5 11. Qe2 Nd4 12. Nxd4 Bxd4+ 13. Be3 Bxe3+ 14. Qxe3 d4 0-1